| 000 | 003770000a22001570004500 | ||
|---|---|---|---|
| 003 | MACL | ||
| 040 | _aMACL | ||
| 090 |
_c41445 _d41443 |
||
| 100 | _aAnsari, Hamid | ||
| 245 |
_aTravelling Through Conflict _bEssays on the Politics of West Asia |
||
| 260 |
_bPearson Longman _c2008 |
||
| 350 | _a695 | ||
| 650 | _aLiterature | ||
| 942 |
_cBOOK _k800/ANS |
||
| 951 | _o800/ANS BOOK | ||
| 999 |
_c41004 _d41004 |
||